Annuaire de Statistiques Regionales 1987

Enregistré dans:
Détails bibliographiques
Format: Livre
Langue:français
Publié: Bruxelles Institut National de Statistique 1987
Sujets:
Tags: Ajouter un tag
Pas de tags, Soyez le premier à ajouter un tag!

MARC

LEADER 00000nam a2200000 4500
001 c034600
005 20251216092237.2
041 0 |a fre 
044 |a BE 
245 1 0 |a Annuaire de Statistiques Regionales 1987 
264 1 |a Bruxelles  |b Institut National de Statistique  |c 1987 
300 |a 269 s. 
610 2 0 |a Belgicko 
610 2 0 |a situácia hospodárska